[Event "Sofia Spring op 1st"]
[Site "Sofia"]
[Date "2025.05.28"]
[Round "8"]
[White "Dehtiarov, Roman"]
[Black "Nikolov, Momchil"]
[Result "1-0"]
[WhiteElo "2405"]
[BlackElo "2436"]
[PlyCount "95"]
[EventDate "2025.05.23"]
[EventType "swiss"]
[EventRounds "9"]
[EventCountry "BUL"]
[SourceTitle "CB23_2025"]
[SourceDate "2025.06.04"]
[SourceVersion "1"]
[SourceVersionDate "2025.06.04"]
[SourceQuality "1"]

1. e4 e5 2. Nf3 Nf6 3. d4 Nxe4 4. Bd3 d5 5. Nxe5 Nd7 6. Nxd7 Bxd7 7. 0-0 Bd6 8. Qh5 Nf6 9. Re1+ Kf8 10. Qe2 h6 11. Nd2 g6 12. Nf3 Bg4 13. h3 Bxf3 14. Qxf3 Kg7 15. Bd2 Qd7 16. Re2 c6 17. b3 Rae8 18. Rxe8 Nxe8 19. c4 Nc7 20. Re1 Re8 21. Rxe8 Nxe8 22. a4 Qe6 23. c5 Bc7 24. b4 a6 25. b5 axb5 26. axb5 b6 27. bxc6 bxc5 28. dxc5 Qxc6 29. Bc3+ Nf6 30. Bc4 Bd8 31. Qxd5 Qxd5 32. Bxd5 Kf8 33. Bf3 Ke7 34. Kf1 Ke6 35. Ke2 Nd5 36. Bd4 Nb4 37. Kd2 Bf6 38. Bxf6 Kxf6 39. Kc3 Na6 40. Kc4 Nc7 41. Kb4 Ke7 42. Ka5 Kd8 43. Kb6 Kd7 44. Bc6+ Kd8 45. Bb5 g5 46. Kc6 f5 47. Bc4 f4 48. Kd6 1-0

[Event "Chania Theodorakis Memorial 4th"]
[Site "Chania"]
[Date "2025.04.24"]
[Round "6"]
[White "Hamitevici, Vladimir"]
[Black "Nikolov, Momchil"]
[Result "1/2-1/2"]
[WhiteElo "2423"]
[BlackElo "2436"]
[PlyCount "79"]
[EventDate "2025.04.21"]
[EventType "swiss"]
[EventRounds "9"]
[EventCountry "GRE"]
[SourceTitle "CB20_2025"]
[SourceDate "2025.05.14"]
[SourceVersion "1"]
[SourceVersionDate "2025.05.14"]
[SourceQuality "1"]

1. d4 Nf6 2. c4 e6 3. Nf3 d5 4. cxd5 exd5 5. Nc3 c6 6. Bf4 Bf5 7. Qb3 Qb6 8. h3 h6 9. g4 Bh7 10. Bg2 Qxb3 11. axb3 Na6 12. 0-0 Nb4 13. Na4 Nd7 14. Ne5 Be7 15. Nxd7 Kxd7 16. Nc5+ Bxc5 17. dxc5 Rhe8 18. Ra4 Na6 19. Be3 Bc2 20. Rf4 f6 21. b4 Nc7 22. Rd4 Nb5 23. Rd2 Bh7 24. Bf4 a5 25. bxa5 Rxa5 26. e3 Ra4 27. Rc1 Rea8 28. f3 Ke7 29. Bf1 Rb4 30. Bxb5 Rxb5 31. e4 dxe4 32. Rcd1 exf3 33. Rd7+ Kf8 34. Bxh6 gxh6 35. Rxh7 Kg8 36. Rdd7 Rxb2 37. Rhg7+ Kh8 38. Rh7+ Kg8 39. Rhg7+ Kh8 40. Rh7+ 1/2-1/2

[Event "Cappelle op 41st"]
[Site "Cappelle la Grande"]
[Date "2025.02.19"]
[Round "7"]
[White "Nikolov, Momchil"]
[Black "Tahay, Alexis"]
[Result "0-1"]
[WhiteElo "2433"]
[BlackElo "2386"]
[PlyCount "50"]
[EventDate "2025.02.15"]
[EventType "swiss"]
[EventRounds "9"]
[EventCountry "FRA"]
[SourceTitle "CB09_2025"]
[SourceDate "2025.02.27"]
[SourceVersion "1"]
[SourceVersionDate "2025.02.27"]
[SourceQuality "1"]

1. e4 c5 2. Nf3 d6 3. d4 cxd4 4. Nxd4 Nf6 5. Nc3 a6 6. h3 e5 7. Nb3 Be7 8. g4 h6 9. Be3 Nbd7 10. Qf3 b5 11. a4 b4 12. Nd5 Nxd5 13. exd5 Nf6 14. 0-0-0 Qd7 15. a5 Bb7 16. Kb1 Rc8 17. Rg1 Qc7 18. Rd2 Nxd5 19. Rxd5 Qxc2+ 20. Ka2 Qc6 21. Bb5 axb5 22. Rgd1 0-0 23. Qg3 Ra8 24. R5d2 Qc7 25. f3 Rxa5+ 0-1

[Event "Cappelle op 41st"]
[Site "Cappelle la Grande"]
[Date "2025.02.17"]
[Round "4"]
[White "Daeschler, Florian"]
[Black "Nikolov, Momchil"]
[Result "1/2-1/2"]
[WhiteElo "2258"]
[BlackElo "2433"]
[PlyCount "89"]
[EventDate "2025.02.15"]
[EventType "swiss"]
[EventRounds "9"]
[EventCountry "FRA"]
[SourceTitle "CB09_2025"]
[SourceDate "2025.02.27"]
[SourceVersion "1"]
[SourceVersionDate "2025.02.27"]
[SourceQuality "1"]

1. e4 c5 2. Nf3 e6 3. d4 cxd4 4. Nxd4 Nc6 5. Nc3 Qc7 6. Ncb5 Qb8 7. Bd3 Ne5 8. 0-0 a6 9. Nc3 b5 10. Re1 Nxd3 11. Qxd3 Bd6 12. Nf3 Ne7 13. e5 Bb4 14. Bd2 Nf5 15. Nd4 Nxd4 16. Qxd4 Be7 17. Ne4 Bb7 18. Bb4 Bxb4 19. Qxb4 Bxe4 20. Rxe4 a5 21. Qc5 Qb7 22. Qe3 0-0 23. Rd1 Rac8 24. c3 Rc4 25. Red4 Rxd4 26. Rxd4 Rc8 27. Qd2 Rc7 28. h4 h6 29. Rg4 Rc4 30. Rxc4 bxc4 31. g3 Qb5 32. Kf1 Qa4 33. a3 Qb5 34. Kg1 Kf8 35. Qd6+ Kg8 36. Qd2 g6 37. Qe2 Qd5 38. Qe3 Qb5 39. Qe2 Kg7 40. b4 axb4 41. axb4 Qd5 42. Qe3 Qd1+ 43. Kg2 Qd5+ 44. Kg1 Qd1+ 45. Kg2 1/2-1/2

[Event "Cappelle op 41st"]
[Site "Cappelle la Grande"]
[Date "2025.02.17"]
[Round "3"]
[White "Nikolov, Momchil"]
[Black "Ciarletta, Ulysse"]
[Result "1-0"]
[WhiteElo "2433"]
[BlackElo "2201"]
[PlyCount "79"]
[EventDate "2025.02.15"]
[EventType "swiss"]
[EventRounds "9"]
[EventCountry "FRA"]
[SourceTitle "CB09_2025"]
[SourceDate "2025.02.27"]
[SourceVersion "1"]
[SourceVersionDate "2025.02.27"]
[SourceQuality "1"]

1. e4 c5 2. Nf3 Nc6 3. Bb5 e6 4. Bxc6 bxc6 5. d3 Ne7 6. Nbd2 Ng6 7. h4 h5 8. e5 f6 9. Qe2 Kf7 10. Nc4 d5 11. exd6 Bxd6 12. Nfd2 Be7 13. Ne4 Qd5 14. Bd2 e5 15. 0-0-0 Be6 16. g3 Nf8 17. Ncd6+ Bxd6 18. c4 Bg4 19. f3 Qe6 20. fxg4 hxg4 21. Be3 Nd7 22. Nxd6+ Qxd6 23. Qxg4 Nf8 24. h5 Qd7 25. Qe4 Ne6 26. g4 Ke7 27. g5 Raf8 28. gxf6+ gxf6 29. h6 Kd8 30. Rdg1 Kc7 31. Rg6 Rf7 32. Rxf6 Re7 33. Qxe5+ Kb7 34. Bxc5 Nxc5 35. Qxc5 Rhe8 36. Qd6 Qg4 37. Qxc6+ Kb8 38. Qf3 Qd7 39. Rf8 Rxf8 40. Qxf8+ 1-0

[Event "Pozarevac Rudar GM2 11"]
[Site "Pozarevac"]
[Date "2024.11.20"]
[Round "8"]
[White "Nikolov, Momchil"]
[Black "Dimitrov, Radoslav"]
[Result "1/2-1/2"]
[WhiteElo "2421"]
[BlackElo "2478"]
[PlyCount "25"]
[EventDate "2024.11.14"]
[EventType "tourn"]
[EventRounds "9"]
[EventCountry "SRB"]
[EventCategory "6"]
[SourceTitle "CB48_2024"]
[SourceDate "2024.11.28"]
[SourceVersion "1"]
[SourceVersionDate "2024.11.28"]
[SourceQuality "1"]

1. e4 c5 2. c3 e6 3. d4 d5 4. exd5 exd5 5. Nf3 Nf6 6. Bb5+ Nc6 7. 0-0 Be7 8. dxc5 Bxc5 9. Re1+ Be7 10. Bg5 0-0 11. Nbd2 Bg4 12. h3 Bh5 13. Qa4 1/2-1/2

[Event "Pozarevac Rudar GM2 11"]
[Site "Pozarevac"]
[Date "2024.11.17"]
[Round "5"]
[White "Milosevic, Milos"]
[Black "Nikolov, Momchil"]
[Result "1/2-1/2"]
[WhiteElo "2306"]
[BlackElo "2421"]
[PlyCount "77"]
[EventDate "2024.11.14"]
[EventType "tourn"]
[EventRounds "9"]
[EventCountry "SRB"]
[EventCategory "6"]
[SourceTitle "CB48_2024"]
[SourceDate "2024.11.28"]
[SourceVersion "1"]
[SourceVersionDate "2024.11.28"]
[SourceQuality "1"]

1. e4 e5 2. Nc3 Nf6 3. d4 exd4 4. Qxd4 Nc6 5. Qd3 Bb4 6. Bd2 0-0 7. 0-0-0 Re8 8. Nge2 d6 9. Bg5 h6 10. Bxf6 Qxf6 11. Nd5 Qd8 12. Nxb4 Nxb4 13. Qd2 Na6 14. f3 Nc5 15. h4 Be6 16. Kb1 Qf6 17. Nf4 Rad8 18. g4 g5 19. hxg5 hxg5 20. Nh5 Qe5 21. Ng3 Kg7 22. Nh5+ Kf8 23. Bd3 Ke7 24. f4 gxf4 25. Nxf4 Rh8 26. Rhf1 Kd7 27. Nxe6 fxe6 28. Rf7+ Kc8 29. Qa5 Rd7 30. Rxd7 Kxd7 31. Qxa7 Nxd3 32. cxd3 Rh2 33. Qxb7 Qd4 34. Qb5+ Ke7 35. a4 c5 36. Qb7+ Ke8 37. Qb5+ Ke7 38. Qb7+ Ke8 39. Qb5+ 1/2-1/2

[Event "Pozarevac Rudar GM2 11"]
[Site "Pozarevac"]
[Date "2024.11.14"]
[Round "1"]
[White "Stojanovic, Mihajlo"]
[Black "Nikolov, Momchil"]
[Result "1/2-1/2"]
[WhiteElo "2430"]
[BlackElo "2421"]
[PlyCount "20"]
[EventDate "2024.11.14"]
[EventType "tourn"]
[EventRounds "9"]
[EventCountry "SRB"]
[EventCategory "6"]
[SourceTitle "CB48_2024"]
[SourceDate "2024.11.28"]
[SourceVersion "1"]
[SourceVersionDate "2024.11.28"]
[SourceQuality "1"]

1. Nf3 Nf6 2. c4 e6 3. Nc3 d5 4. d4 c6 5. e3 Nbd7 6. Qc2 Bd6 7. Bd3 0-0 8. 0-0 dxc4 9. Bxc4 b5 10. Bd3 Bb7 1/2-1/2

[Event "Pozarevac Rudar GM 11"]
[Site "Pozarevac"]
[Date "2024.11.06"]
[Round "1"]
[White "Sutormin, Danila"]
[Black "Nikolov, Momchil"]
[Result "1/2-1/2"]
[WhiteElo "2394"]
[BlackElo "2421"]
[PlyCount "53"]
[EventDate "2024.11.06"]
[EventType "tourn"]
[EventRounds "9"]
[EventCountry "SRB"]
[EventCategory "6"]
[SourceTitle "CB49_2024"]
[SourceDate "2024.12.04"]
[SourceVersion "1"]
[SourceVersionDate "2024.12.04"]
[SourceQuality "1"]

1. e4 e5 2. Nf3 Nc6 3. Bc4 Bc5 4. d3 Nf6 5. 0-0 a6 6. a4 d6 7. c3 Ba7 8. Re1 h6 9. Nbd2 0-0 10. h3 Be6 11. Bxe6 fxe6 12. b4 Nh5 13. Nf1 Qf6 14. Ra2 Rad8 15. b5 Nb8 16. Be3 Bxe3 17. Nxe3 Nf4 18. Kh2 Nd7 19. d4 axb5 20. axb5 Ng6 21. Kh1 Ra8 22. Rd2 Ra3 23. Qc2 Rfa8 24. Nc4 Ra1 25. Rxa1 Rxa1+ 26. Rd1 Rxd1+ 27. Qxd1 1/2-1/2

[Event "Liffre op"]
[Site "Liffre"]
[Date "2024.10.21"]
[Round "4"]
[White "Grezels, Florian"]
[Black "Nikolov, Momchil"]
[Result "1/2-1/2"]
[WhiteElo "2259"]
[BlackElo "2424"]
[PlyCount "48"]
[EventDate "2024.10.19"]
[EventType "swiss"]
[EventRounds "9"]
[EventCountry "FRA"]
[SourceTitle "CB44_2024"]
[Source "Chessbase"]
[SourceDate "2024.10.30"]
[SourceVersion "1"]
[SourceVersionDate "2024.10.30"]
[SourceQuality "1"]

1. e4 e5 2. Nf3 Nc6 3. Bc4 Bc5 4. 0-0 d6 5. c3 Nf6 6. d3 a6 7. Bb3 Ba7 8. Nbd2 h6 9. Nc4 0-0 10. Be3 Be6 11. Bxa7 Rxa7 12. Re1 Ra8 13. Ne3 Re8 14. Bxe6 Rxe6 15. Qb3 Rb8 16. a4 Nh5 17. Rad1 Ne7 18. Nf1 Ng6 19. d4 Qf6 20. Ng3 Nxg3 21. hxg3 h5 22. Qc4 Rc8 23. Rd3 Re7 24. d5 Nf8 1/2-1/2

[Event "Plovdiv Vanev Memorial 4th"]
[Site "Plovdiv"]
[Date "2024.08.17"]
[Round "3"]
[White "Kochiev, Ivan"]
[Black "Nikolov, Momchil"]
[Result "0-1"]
[WhiteElo "2074"]
[BlackElo "2442"]
[PlyCount "108"]
[EventDate "2024.08.17"]
[EventType "swiss (rapid)"]
[EventRounds "9"]
[EventCountry "BUL"]
[SourceTitle "CBM 221 Extra"]
[Source "ChessBase"]
[SourceDate "2024.09.30"]
[SourceVersion "1"]
[SourceVersionDate "2024.09.30"]
[SourceQuality "1"]

1. e4 c5 2. Nf3 Nc6 3. d4 cxd4 4. Nxd4 e6 5. Nc3 Qc7 6. f4 a6 7. Nxc6 Qxc6 8. Bd3 Bc5 9. Bd2 Ne7 10. Qe2 b5 11. a3 Bb7 12. 0-0-0 b4 13. axb4 Bxb4 14. g4 0-0 15. f5 Qc5 16. Rhg1 Qa5 17. g5 Rfc8 18. Nb1 Bxd2+ 19. Qxd2 Qe5 20. Qb4 Nc6 21. Qxb7 Rab8 22. Qxd7 Rc7 23. Qxc7 Qxc7 24. g6 fxg6 25. fxg6 Ne5 26. gxh7+ Kh8 27. Rg3 Qc5 28. Rd2 a5 29. Nc3 Qb4 30. Nd1 a4 31. Rdg2 Rb7 32. Re2 Kxh7 33. Rh3+ Kg8 34. Rg3 Qd4 35. h4 Rc7 36. Kb1 Rf7 37. Re1 Nf3 38. Rh1 a3 39. bxa3 Rb7+ 40. Ka2 Nd2 41. Rhg1 Nxe4 42. Bxe4 Qxe4 43. Rc3 Qxh4 44. Rg2 Qe4 45. Rg1 Qd5+ 46. Ka1 Qd4 47. Re1 e5 48. Ka2 Qd5+ 49. Ka1 Rb8 50. Rce3 Qd4+ 51. Rc3 e4 52. Ka2 Qd5+ 53. Ka1 Qd2 54. Rg1 Qc1+ 0-1

[Event "Plovdiv Vanev Memorial 4th"]
[Site "Plovdiv"]
[Date "2024.08.17"]
[Round "4"]
[White "Nikolov, Momchil"]
[Black "Ivanov, Bogidar"]
[Result "1/2-1/2"]
[WhiteElo "2442"]
[BlackElo "2160"]
[PlyCount "121"]
[EventDate "2024.08.17"]
[EventType "swiss (rapid)"]
[EventRounds "9"]
[EventCountry "BUL"]
[SourceTitle "CBM 221 Extra"]
[Source "ChessBase"]
[SourceDate "2024.09.30"]
[SourceVersion "1"]
[SourceVersionDate "2024.09.30"]
[SourceQuality "1"]

1. d4 Nf6 2. c4 e6 3. Nf3 c5 4. d5 b5 5. dxe6 fxe6 6. cxb5 d5 7. e3 Bd6 8. Be2 Bb7 9. Nbd2 0-0 10. 0-0 Qe7 11. Qc2 a6 12. b3 axb5 13. Bxb5 Nc6 14. Bb2 Ng4 15. h3 Nge5 16. Nxe5 Nxe5 17. f4 Ng6 18. Nf3 d4 19. Rae1 dxe3 20. Rxe3 Nxf4 21. a4 Bd5 22. Bc4 Qd8 23. Be5 Ra7 24. Bxd6 Qxd6 25. Ng5 g6 26. Ne4 Qe5 27. Qc3 Qd4 28. Qxd4 cxd4 29. Ref3 Bxc4 30. bxc4 e5 31. Kh2 Rxa4 32. c5 Ra2 33. R1f2 Rxf2 34. Rxf2 Rc8 35. Ra2 Ne6 36. Ra5 d3 37. Ra3 d2 38. Rd3 Nxc5 39. Nxc5 Rxc5 40. Rxd2 Rc7 41. Kg3 Kf7 42. Rd6 Ke7 43. Ra6 Kf7 44. Kf3 Rc3+ 45. Ke4 Rc2 46. Kxe5 Rxg2 47. Ra7+ Kg8 48. Kf6 Rf2+ 49. Kg5 Rf5+ 50. Kg4 Rf7 51. Ra6 Kg7 52. h4 h5+ 53. Kg3 Re7 54. Rb6 Kf7 55. Ra6 Re6 56. Rxe6 Kxe6 57. Kf4 Kf6 58. Ke4 Ke7 59. Ke5 Kf7 60. Kf4 Kf6 61. Ke4 1/2-1/2

[Event "Plovdiv Tringov Memorial 46th"]
[Site "Plovdiv"]
[Date "2024.08.15"]
[Round "7"]
[White "Nikolov, Yavor"]
[Black "Nikolov, Momchil"]
[Result "1-0"]
[WhiteElo "2113"]
[BlackElo "2442"]
[PlyCount "91"]
[EventDate "2024.08.11"]
[EventType "swiss"]
[EventRounds "9"]
[EventCountry "BUL"]
[SourceTitle "CBM 221 Extra"]
[Source "ChessBase"]
[SourceDate "2024.09.30"]
[SourceVersion "1"]
[SourceVersionDate "2024.09.30"]
[SourceQuality "1"]

1. e4 e5 2. Nf3 Nc6 3. Bb5 a6 4. Bxc6 dxc6 5. 0-0 f6 6. d4 exd4 7. Nxd4 c5 8. Ne2 Qxd1 9. Rxd1 Bd7 10. Nbc3 0-0-0 11. Bf4 Ne7 12. Rd2 h5 13. h4 Ng6 14. Bg3 Ne5 15. Bxe5 fxe5 16. Rad1 Bd6 17. Nd5 Be6 18. g3 Rdf8 19. Ne3 c4 20. Rxd6 cxd6 21. Rxd6 Rf6 22. f4 Bg4 23. Rxf6 gxf6 24. Nc3 exf4 25. gxf4 Be6 26. f5 Bf7 27. Kf2 Kd7 28. Ncd5 Bxd5 29. Nxd5 Kd6 30. Ke3 Ke5 31. Nb6 Kd6 32. Nd5 Rf8 33. Kd4 b5 34. Nxf6 Kc6 35. e5 Rd8+ 36. Ke3 Rd1 37. Nxh5 Kd5 38. e6 Kd6 39. Ng3 Ke7 40. Kf4 Rd2 41. Ke5 Rxc2 42. f6+ Kf8 43. Nf5 Re2+ 44. Kd5 b4 45. e7+ Kf7 46. Nd6+ 1-0

[Event "BUL-ch"]
[Site "Sofia"]
[Date "2024.08.10"]
[Round "9"]
[White "Nikolov, Momchil"]
[Black "Janev, Pavel"]
[Result "1/2-1/2"]
[WhiteElo "2442"]
[BlackElo "2168"]
[PlyCount "41"]
[EventDate "2024.08.03"]
[EventType "swiss"]
[EventRounds "9"]
[EventCountry "BUL"]
[SourceTitle "CBM 221 Extra"]
[Source "ChessBase"]
[SourceDate "2024.09.30"]
[SourceVersion "1"]
[SourceVersionDate "2024.09.30"]
[SourceQuality "1"]

1. d4 Nf6 2. c4 e6 3. Nf3 b6 4. g3 Bb7 5. Bg2 Be7 6. 0-0 0-0 7. Re1 c5 8. d5 exd5 9. Nh4 Ne4 10. cxd5 Bxh4 11. Bxe4 Bf6 12. Qc2 h6 13. Nc3 d6 14. Bf4 Qe7 15. Bg2 Nd7 16. Rad1 a6 17. Bc1 b5 18. Ne4 c4 19. Nxf6+ Nxf6 20. Be3 Rae8 21. b3 1/2-1/2

[Event "BUL-ch"]
[Site "Sofia"]
[Date "2024.08.03"]
[Round "1"]
[White "Nikolov, Momchil"]
[Black "Badev, Kiril"]
[Result "1-0"]
[WhiteElo "2442"]
[BlackElo "2117"]
[PlyCount "53"]
[EventDate "2024.08.03"]
[EventType "swiss"]
[EventRounds "9"]
[EventCountry "BUL"]
[SourceTitle "CBM 221 Extra"]
[Source "ChessBase"]
[SourceDate "2024.09.30"]
[SourceVersion "1"]
[SourceVersionDate "2024.09.30"]
[SourceQuality "1"]

1. d4 Nf6 2. c4 c5 3. d5 b5 4. cxb5 a6 5. bxa6 g6 6. Nc3 Bg7 7. Nf3 0-0 8. e4 e6 9. dxe6 fxe6 10. Bc4 Nxa6 11. 0-0 Bb7 12. Bg5 h6 13. Bxf6 Bxf6 14. Qd6 Qc7 15. Rad1 Bc6 16. Qd2 Kh7 17. Rfe1 Qb7 18. Re3 Rf7 19. h4 Raf8 20. h5 g5 21. e5 Bd8 22. Qd3+ Kh8 23. Bxa6 Qa8 24. Ne4 g4 25. Nfd2 Rf5 26. Bb5 Rxe5 27. Qd6 1-0

[Event "Salon de Provence op 14th"]
[Site "Salon de Provence"]
[Date "2024.07.11"]
[Round "8"]
[White "Petrossian, Armen"]
[Black "Nikolov, Momchil"]
[Result "1/2-1/2"]
[WhiteElo "2358"]
[BlackElo "2460"]
[PlyCount "91"]
[EventDate "2024.07.06"]
[EventType "swiss"]
[EventRounds "9"]
[EventCountry "FRA"]
[SourceTitle "EXT 2025"]
[Source "ChessBase"]
[SourceDate "2024.10.14"]
[SourceVersion "1"]
[SourceVersionDate "2024.10.14"]
[SourceQuality "1"]

1. e4 c5 2. Nf3 d6 3. Bb5+ Nd7 4. d4 cxd4 5. Nxd4 Ngf6 6. Bd3 Nc5 7. Nc3 a6 8. Nb3 b6 9. Nxc5 bxc5 10. 0-0 e6 11. b3 Be7 12. Bb2 Bb7 13. Qe2 Nd7 14. f4 Bf6 15. e5 dxe5 16. f5 Qb6 17. fxe6 Qxe6 18. Rad1 e4 19. Nxe4 Bxe4 20. Qxe4 Qxe4 21. Bxe4 0-0-0 22. Bxf6 Nxf6 23. Bd3 Kb7 24. Bc4 Rhe8 25. g3 Rxd1 26. Rxd1 Re7 27. Rd6 a5 28. h3 Re3 29. Rd3 Re2 30. Rc3 Re7 31. Rf3 Kc6 32. Rf5 Re1+ 33. Kg2 Rc1 34. Bd3 Ra1 35. a4 Re1 36. g4 h6 37. Kf3 Kd6 38. h4 Rg1 39. g5 hxg5 40. hxg5 Ng4 41. Kf4 f6 42. Bc4 Ne5 43. gxf6 Rg4+ 44. Ke3 Nxc4+ 45. bxc4 gxf6 46. Rxf6+ 1/2-1/2

[Event "Salon de Provence op 14th"]
[Site "Salon de Provence"]
[Date "2024.07.10"]
[Round "7"]
[White "Nikolov, Momchil"]
[Black "Gusain, Himal"]
[Result "1/2-1/2"]
[WhiteElo "2460"]
[BlackElo "2490"]
[PlyCount "111"]
[EventDate "2024.07.06"]
[EventType "swiss"]
[EventRounds "9"]
[EventCountry "FRA"]
[SourceTitle "EXT 2025"]
[Source "ChessBase"]
[SourceDate "2024.10.14"]
[SourceVersion "1"]
[SourceVersionDate "2024.10.14"]
[SourceQuality "1"]

1. d4 d5 2. c4 e6 3. Nf3 Nf6 4. Nc3 Be7 5. Bg5 0-0 6. e3 h6 7. Bxf6 Bxf6 8. Qc2 b6 9. cxd5 exd5 10. Be2 Be6 11. 0-0 c6 12. Rac1 Be7 13. e4 dxe4 14. Qxe4 Bd5 15. Nxd5 cxd5 16. Qf5 g6 17. Qh3 Kg7 18. Ne5 Bf6 19. f4 a6 20. Qb3 Qd6 21. Bf3 Rd8 22. Rc2 Ra7 23. Rfc1 Re7 24. a3 g5 25. g3 Bxe5 26. fxe5 Qe6 27. Rf2 Nc6 28. Qd1 f5 29. exf6+ Qxf6 30. Bh5 Qd6 31. Qd3 Rf8 32. Rxf8 Kxf8 33. Qxa6 Nxd4 34. Qd3 Nc6 35. Qf5+ Kg7 36. Rf1 Rc7 37. Bd1 Nd8 38. Bb3 d4 39. Bc2 Rf7 40. Qh7+ Kf8 41. Qh8+ Ke7 42. Re1+ Kd7 43. Rd1 Rf6 44. Qh7+ Kc8 45. Rc1 Rf7 46. Bf5+ Kb7 47. Be4+ Ka6 48. Bd3+ Ka7 49. Qe4 Re7 50. Qf5 Qe5 51. Qxe5 Rxe5 52. Rc7+ Kb8 53. Rd7 Nc6 54. Ba6 Re3 55. Rb7+ Kc8 56. Rxb6+ 1/2-1/2